000 00942cam a22002897a 4500
003 CHAP
005 20220329140945.0
008 971013s r 00010 d
010 _a60416
011 _a61388
035 _a65552
040 _cCHAP
090 _aR-3767
100 0 0 _aRzedowski Rotter, Jerzy.
_9101052
245 1 4 _aLas plantas calcícolas (incluyendo una gipsófita) del Valle de México y sus ligas con la erosión edáfica
500 _aSobretiro de : Biotrópica 18(1) : 12-15, 1986
590 _aBATCH-UPD
_b10
_c20130110
_lUCH01
_h2025
590 _aBATCH-UPD
_b10
_c20130410
_lUCH01
_h1342
590 _aBATCH-UPD
_b10
_c20130914
_lUCH01
_h1316
590 _aCONVERSION
_b10
_c20130109
_lUCH01
_h1332
650 1 4 _aErosión.
_937335
650 1 4 _aIndicadores biológicos.
_957561
650 1 4 _aPlantas calcícolas.
_988905
901 _aBK
942 _cREIMP
949 _aR-3767
_bBC
_cR
_d33724000640116
_eTS1
_i65552
_si
999 _c60416
_d60416